LEADER 00956nam0-22003131i-450- 001 990005872330403321 005 20100225121850.0 010 $a88-464-0819-5 035 $a000587233 035 $aFED01000587233 035 $a(Aleph)000587233FED01 035 $a000587233 100 $a20000421d1998----km-y0itay50------ba 101 0 $aita 105 $ay-------001yy 200 1 $a<>medici tra stato e società$estudi su professione medica e sanità pubblica nell'Italia contemporanea$fMarco Soresina 210 $aMilano$d1998.$cAngeli 215 $a296 p.$d22 cm 225 1 $aStudi e ricerche storiche$v227 610 0 $aMedici$aProfessione$aItalia$aSec. 19.-20. 676 $a610.69 700 1$aSoresina,$bMarco$0135413 801 0$aIT$bUNINA$gRICA$2UNIMARC 901 $aBK 912 $a990005872330403321 952 $a610.69 SOR 1$bBibl.29451$fFLFBC 959 $aFLFBC 996 $aMedici tra stato e società$9564124 997 $aUNINA LEADER 01839cam0-22005891i-450 001 990003362890403321 005 20220930102225.0 035 $a000336289 035 $aFED01000336289 035 $a(Aleph)000336289FED01 035 $a000336289 100 $a20030910d1963----km-y0itay50------ba 101 0 $aita 102 $aIT 105 $af-------001yy 200 1 $aBanca e congiuntura nel Mezzogiorno d'Italia$fDomenico Demarco 210 $aNapoli$cEdizioni scientifiche italiane$d1963 215 $av.$cill.$d24 cm 225 1 $aBiblioteca degli Annali dell'Istituto di storia economica e sociale$v7 327 0 $a1.: 1809 -1863 610 0 $aBanche$aItalia meridionale$aStoria$aSec. 19. 610 0 $aItalia meridionale$aCongiuntura economica$aSec. 19 610 0 $aItalia meridionale 610 0 $aEconomia finanziaria 610 0 $aStoria economica 610 0 $aItalia meridionale$aBanche$a1809-1863 676 $a330.9 676 $a332.1 676 $a336.368 676 $a332.109457$v21$zita 700 1$aDemarco,$bDomenico$f<1912- >$037577 801 0$aIT$bUNINA$gREICAT$2UNIMARC 901 $aBK 912 $a990003362890403321 952 $aUNIV. 294 (7)$b71272$fFGBC 952 $aXV M 744$b74807$fFGBC 952 $aCOLLEZ. 16 (7)$b10617$fFSPBC 952 $aFONDO SENATO 176$b538/2022$fFSPBC 952 $aSEZNADEM332.1A$b053193F$fDECBC 952 $aSEZNADEM332.1B$b053272C$fDECBC 952 $aSEZNADEM332.1C$b053331D$fDECBC 952 $a60 330.9 B 92/7$b42627$fFAGBC 952 $a332.1 DEM 1$bIst.st.r.c.1727$fFLFBC 952 $aSE 120.06.32-$b3358$fDECSE 959 $aDECBC 959 $aFAGBC 959 $aFGBC 959 $aFSPBC 959 $aFLFBC 959 $aDECSE 996 $aBanca e congiuntura nel Mezzogiorno d'Italia$9154734 997 $aUNINA